| 000 -CABECERA |
| Longitud fija campo de control |
01185cam a2200361 a 4500 |
| 001 - NÚMERO DE CONTROL |
| Número de control |
991013620079706706 |
| 003 - IDENTIFICADOR DEL NÚMERO DE CONTROL |
| Identificador del número de control |
OSt |
| 005 - FECHA Y HORA DE LA ÚLTIMA TRANSACCIÓN |
| Fecha y hora de la última transacción |
20211203115833.0 |
| 008 - CÓDIGOS DE INFORMACIÓN DE LONGITUD FIJA |
| Códigos de información de longitud fija |
141209s2014 sp |||| |||| 000 0 spa|c |
| 017 ## - NÚMERO DE COPYRIGHT O DE DEPÓSITO LEGAL |
| Número de copyright o de depósito legal |
DL M. 30725-2014 |
| 020 ## - NÚMERO INTERNACIONAL NORMALIZADO PARA LIBROS |
| Número Internacional Normalizado para Libros (ISBN) |
9788494207365 |
| 035 ## - NÚMERO DE CONTROL DEL SISTEMA |
| Número de control del sistema |
(ES-BaCBU)b62537593-34csuc_network |
| 035 ## - NÚMERO DE CONTROL DEL SISTEMA |
| Número de control del sistema |
(ES-BaCBU).b62537593 |
| 035 ## - NÚMERO DE CONTROL DEL SISTEMA |
| Número de control del sistema |
(ccuc001)b62537593 |
| 035 ## - NÚMERO DE CONTROL DEL SISTEMA |
| Número de control del sistema |
(OCoLC)1120308198 |
| 040 ## - FUENTE DE LA CATALOGACIÓN |
| Centro catalogador de origen |
ES-BaCBU |
| Lengua de catalogación |
cat |
| Centro transcriptor |
CDMR |
| 043 ## - CÓDIGO DE ÁREA GEOGRÁFICA |
| Código de área geográfica |
n-us--- |
| 100 1# - PUNTO DE ACCESO PRINCIPAL-NOMBRE DE PERSONA |
| Nombre de persona |
Assange, Julian. |
| 245 10 - MENCIÓN DE TÍTULO |
| Título |
Cuando Google encontró a Wikileaks / |
| Mención de responsabilidad, etc. |
Julian Assange ; traducción de Iván Barbeitos García |
| 260 ## - PUBLICACIÓN, DISTRIBUCIÓN, ETC. (PIE DE IMPRENTA) |
| Lugar de publicación, distribución, etc. |
Madrid : |
| Nombre del editor, distribuidor, etc. |
Clave Intelectual, |
| Fecha de publicación, distribución, etc. |
2014 |
| 300 ## - DESCRIPCIÓN FÍSICA |
| Extensión |
235 p. ; |
| Dimensiones |
22 cm |
| 504 ## - NOTA DE BIBLIOGRAFÍA, ETC |
| Nota de bibliografía, etc. |
Referències bibliogràfiques |
| 610 27 - PUNTO DE ACCESO ADICIONAL DE MATERIA - NOMBRE DE ENTIDAD CORPORATIVA |
| Nombre de entidad corporativa o nombre de jurisdicción como elemento inicial |
Google (Firma) |
| Fuente de encabezamiento o término |
lemac |
| 610 10 - PUNTO DE ACCESO ADICIONAL DE MATERIA - NOMBRE DE ENTIDAD CORPORATIVA |
| Nombre de entidad corporativa o nombre de jurisdicción como elemento inicial |
WikiLeaks (Organització) |
| Fuente de encabezamiento o término |
lemac |
| 9 (RLIN) |
4536 |
| 650 00 - PUNTO DE ACCESO ADICIONAL DE MATERIA - TÉRMINO DE MATERIA |
| Término de materia o nombre geográfico como elemento inicial |
Internet |
| Subdivisión de materia general |
Aspectes polítics |
| 9 (RLIN) |
3904 |
| 650 00 - PUNTO DE ACCESO ADICIONAL DE MATERIA - TÉRMINO DE MATERIA |
| Término de materia o nombre geográfico como elemento inicial |
Llibertat d'informació |
| 9 (RLIN) |
1574 |
| 650 04 - PUNTO DE ACCESO ADICIONAL DE MATERIA - TÉRMINO DE MATERIA |
| Término de materia o nombre geográfico como elemento inicial |
Seguretat de l'Estat |
| Subdivisión geográfica |
Estats Units d'Amèrica |
| 700 1# - PUNTO DE ACCESO ADICIONAL - NOMBRE DE PERSONA |
| Nombre de persona |
Barbeitos García, Iván, |
| 907 ## - ELEMENTO G DATOS LOCALES, GDL (RLIN) |
| a |
.b62537593 |
| b |
25-06-21 |
| c |
09-12-14 |
| d |
09-12-14 |
| e |
m |
| f |
a |
| g |
- |
| h |
spa |
| i |
sp |
| j |
0 |
| k |
0 |
| 908 ## - CONTROL DE PARÁMETROS (RLIN) |
| Parametro de comando lanzado |
UAO |
| -- |
UJI |
| -- |
UAB |
| 940 ## - |
| T&íacute;tulo uniforme |
<a href="UAO">UAO</a> |
| 942 ## - ENTRADA DE ELEMENTOS AGREGADOS (KOHA) |
| Fuente de clasificaión o esquema |
|
| Koha [por defecto] tipo de item |
Monografies |